| 000 | 00688nam a2200265Ia 4500 | ||
|---|---|---|---|
| 005 | 20260302113938.0 | ||
| 008 | 008 260114s9999 xx 000 0 eng d | ||
| 020 | _a9781474212120 | ||
| 037 | _aTextbook | ||
| 040 | _aCRL | ||
| 040 | _beng | ||
| 040 | _cCRL | ||
| 041 | _2eng | ||
| 041 | _aeng | ||
| 084 | _qCRL | ||
| 100 |
_aManjula Datta _91117290 |
||
| 245 | 0 | _aBilinguality and Literacy Principles and Practice | |
| 260 | _bBloomsbury | ||
| 260 | _bBloomsbury Academic | ||
| 260 | _c2007 | ||
| 650 | _aLinguistics | ||
| 856 | _uhttps://dx.doi.org/10.5040/9781474212120?locatt=label:secondary_bloomsburyCollections | ||
| 942 | _cEBOOK | ||
| 999 |
_c1680796 _d1680796 |
||